Allende: mi vecino el presidente

保存先:
書誌詳細
第一著者: Alegría Alfaro, Fernando (著者)
フォーマット: 図書
言語:スペイン語
出版事項: Santiago Planeta 1989
シリーズ:Biblioteca del Sur
主題:
タグ: タグ追加
タグなし, このレコードへの初めてのタグを付けませんか!

MARC

LEADER 00000nam a2200000 a 4500
001 UCX0818
003 CL-VaPUC
008 900321e19890000CL |||||||||||||||||spa|d
082 0 4 |a Ch863  |b ALE  |2 21 
100 0 |a Alegría Alfaro, Fernando  |e author  |9 316202 
245 1 0 |a Allende: mi vecino el presidente 
300 |a 292 p 
942 |c BK 
945 |d 19900321 00:00:00 
260 |a Santiago  |b Planeta  |c 1989 
600 0 |a Allende Gossens, Salvador,   |d 1908-1973  |9 257222 
650 0 |a Novelas chilenas   |9 265425 
583 |a last modification  |c 20190719 04:12:24  |k Rodrigo Vera 
490 0 |a Biblioteca del Sur 
999 |c 222264  |d 222262 
952 |0 0  |1 0  |4 0  |6 CH_863_000000000000000_ALE_1989  |7 0  |8 ?  |9 216721  |a BIBEDU  |b BIBEDU  |d 2019-11-15  |i 2855097  |o Ch863 ALE 1989  |p 2855097  |r 2019-11-15  |w 2019-11-15  |y BK  |k LIT